| 000 | 00680cam a2200205 4500 | ||
|---|---|---|---|
| 001 | ABS63879 | ||
| 008 | 000000n2001 000 0 eng u | ||
| 035 | _a(Sirsi) u112112 | ||
| 245 | _aMoney matters | ||
| 260 | _c2001 | ||
| 490 |
_aProperty Week _v66(13) 30 March 2001, 77(1) |
||
| 520 | _aConsiders a range of issues concerning a tenant's deposit including the sum of money to be held as a deposit and interest accruring on the sum held by the landlord. | ||
| 590 | _aABS | ||
| 650 | _aRENT DEPOSITS | ||
| 650 | _aSURETY | ||
| 650 | _aINTEREST | ||
| 650 | _aLANDLORD AND TENANT (COVENANTS) ACT 1995 | ||
| 690 | _aLANDLORD AND TENANT-BUSINESS TENANCIES | ||
| 942 | _n0 | ||
| 999 |
_c66767 _d66767 |
||